00646nam a2200169 a 4500001000900000005001700009008004100026020001500067040001800082050002300100245012400123260007000247300004200317500003400359610006300393700002000456BRCA_59820190320203059.0890309s1989 nyua---##c---#001-0#eng-# a1555950221 aDLCcDLCdDLC 4aN576.H7b.A63 198910aA permanent legacyb150 works from the collection of the Museum of Fine Arts, Houstoncintroduction by Peter C. Marzio. aNueva YorkbHudson Hills : The Museum of Fine Arts, Houstonc1989 a366 p.bil. (algunas a color)c31 cm. aIncluye índice alfabético24aMuseum of Fine ArtsvCatálogoszHouston (Estados Unidos)1 aMarzio, Peter C